000 01057nam a22002657a 4500
999 _c63710
_d63710
005 20240530110655.0
008 171218s2015 ua a f b 000 0aara d
017 _a2015/3140
_bمصر. دار الكتب
020 _a9789774279744
040 _aEG-CaGPL
_cEG-CaGPL
082 0 4 _221
_a320.962\
_bق/ع ع
100 0 _aعلى الدين هلال
245 1 0 _aعودة الدولة :
_cتطور النظام السياسى فى مصر بعد 30 يونيو /
_bعلى الدين هلال ، مى مجيب ، مازن حسن .
250 _aط.1
260 _aالقاهرة :
_bالدار المصرية اللبنانية ،
_c2015 .
300 _a316 ص. ؛
_c24 سم.
650 0 7 _2qrmak
_aدستور 2014
650 0 7 _2qrmak
_aالدساتير
_xتعديلات
651 0 7 _2qrmak
_aمصر
_xالاحوال السياسية
651 0 7 _2qrmak
_aمصر
_xالدستور
700 0 _a مى مجيب
_eمؤلف مشارك
700 0 _aمازن حسن
_eمؤلف مشارك
942 _2ddc
_cBK